000 00403nam a2200169Ia 4500
005 20250923144740.0
008 008 250917s9999 xx 000 0 eng d
037 _aTextual
040 _aDSWL
_beng
_cDSWL
041 _aeng
_2eng
084 _qDSWL
245 0 _aCommunity development in Europe no. 6
260 _b.
_c1960
300 _a172p.
942 _cTEXL
999 _c1442843
_d1442843